Statistics for Richest authors still alive

Click here to take the quiz!

General Stats

  • This quiz has been taken 34 times
  • The average score is 3 of 10

Answer Stats

RankAuthor% Correct
2J.K. Rowling
100%
4Stephen King
81%
9John Grisham
38%
3James Patterson
34%
6Danielle Steel
25%
10Jeffrey Archer
9%
5Nora Roberts
3%
7Barbara Taylor Bradford
0%
1Elisabeth Badinter
0%
8Nigel Blackwell
0%

Score Distribution

Percentile by Number Answered

Percent of People with Each Score

Your Score History

You have not taken this quiz